000 00617nam a2200253Ia 4500
005 20260123122746.0
008 008 260114s9999 xx 000 0 eng d
020 _a9789353280338
037 _aEBOOK
040 _aCRL
040 _beng
040 _cCRL
041 _2eng
041 _aeng
084 _qCRL
100 _aN. V. Varghese,Anupam Pachauri
_91105218
245 0 _aIndia Higher Education Report 2017
260 _bSAGE
260 _c2018
856 _uhttps://sk.sagepub.com/books/india-higher-education-report-2017
942 _cEBOOK
999 _c1670454
_d1670454